Kombinácie podnikov účtovné aspekty
Salvato in:
| Autore principale: | |
|---|---|
| Natura: | Libro |
| Lingua: | slovacco |
| Pubblicazione: |
Bratislava
Iura Edition
2008
|
| Serie: | Ekonómia
|
| Soggetti: | |
| Tags: |
Nessun Tag, puoi essere il primo ad aggiungerne!!
|
MARC
| LEADER | 00000nam$a2200000$$$4500 | ||
|---|---|---|---|
| 001 | 0084318 | ||
| 005 | 20240314093031.7 | ||
| 020 | |a 978-80-8078-216-0 | ||
| 041 | 0 | |a slo | |
| 044 | |a SK | ||
| 245 | 1 | 0 | |a Kombinácie podnikov |b účtovné aspekty |c Richard Farkaš |
| 264 | 1 | |a Bratislava |b Iura Edition |c 2008 | |
| 300 | |a 111 s. | ||
| 490 | 1 | |a Ekonómia | |
| 830 | 0 | |a Ekonómia | |
| 610 | 2 | 0 | |a podnik |
| 610 | 2 | 0 | |a zlučovanie podnikov |
| 610 | 2 | 0 | |a fúzie |
| 610 | 2 | 0 | |a rozdelenie podniku |
| 610 | 2 | 0 | |a kúpa |
| 610 | 2 | 0 | |a účtovníctvo |
| 610 | 2 | 0 | |a kombinácie podnikové |
| 610 | 2 | 0 | |a súvaha |
| 610 | 2 | 0 | |a závierka účtovná |
| 610 | 2 | 0 | |a zákony |
| 610 | 2 | 0 | |a Slovensko |
| 100 | 1 | |a Farkaš, Richard | |